000 00381nam a22001577a 4500
003 OSt
005 20211005100201.0
008 211005b |||||||| |||| 00| 0 eng d
020 _a9780415590716
040 _aHU
_cDDC
082 _a338.9001
245 _aTHEORIES AND PRACTICES OF DEVELOPMENT
260 _aLONDON
_bROUTLEDGE
_c2005
300 _a259,P,25CM
942 _2ddc
_cBOOKS
_n0
999 _c9293
_d9293